|
|
|
|
| LEADER |
00000nam0a2200000 4500 |
| 001 |
45868 |
| 005 |
20231101211000.0 |
| 035 |
|
|
|a (RuTPU)RU\TPU\book\47773
|
| 035 |
|
|
|a RU\TPU\book\47745
|
| 090 |
|
|
|a 45868
|
| 100 |
|
|
|a 20021217d1987 m y0rusy50 ca
|
| 101 |
0 |
|
|a rus
|
| 102 |
|
|
|a RU
|
| 105 |
|
|
|a a j 001zy
|
| 200 |
1 |
|
|a Физическая химия
|a Теоретическое и практическое руководство
|e учебное пособие для вузов
|f Под ред. Б. П. Никольского
|
| 205 |
|
|
|a 2-е изд., перераб. и доп.
|
| 210 |
|
|
|a Ленинград
|c Химия
|d 1987
|
| 215 |
|
|
|a 879 с.
|c граф.
|
| 225 |
1 |
|
|a Для высшей школы
|
| 320 |
|
|
|a Библиогр.: с. 861-862
|
| 320 |
|
|
|a Предм. указ.: с. 863-870
|
| 606 |
1 |
|
|a Физическая химия
|2 stltpush
|3 (RuTPU)RU\TPU\subj\67669
|9 83390
|
| 610 |
1 |
|
|a химическая термодинамика
|
| 610 |
1 |
|
|a статистическая термодинамика
|
| 610 |
1 |
|
|a строение
|
| 610 |
1 |
|
|a бинарные системы
|
| 610 |
1 |
|
|a гомогенные системы
|
| 610 |
1 |
|
|a химическое равновесие
|
| 610 |
1 |
|
|a растворы
|
| 610 |
1 |
|
|a перенос
|
| 610 |
1 |
|
|a гальванические элементы
|
| 610 |
1 |
|
|a электродные потенциалы
|
| 610 |
1 |
|
|a иониты
|
| 610 |
1 |
|
|a ионный обмен
|
| 610 |
1 |
|
|a молекулярная кинетика
|
| 610 |
1 |
|
|a измерения
|
| 610 |
1 |
|
|a погрешности
|
| 610 |
1 |
|
|a учебные пособия
|
| 610 |
1 |
|
|a библиотека А. Г. Стромберга
|
| 675 |
|
|
|a 544(076.5)
|v 3
|
| 702 |
|
1 |
|a Никольский
|b Б. П.
|g Борис Петрович
|4 340
|
| 801 |
|
1 |
|a RU
|b 63413507
|c 20021217
|g PSBO
|
| 801 |
|
2 |
|a RU
|b 63413507
|c 20170912
|g PSBO
|
| 942 |
|
|
|c BK
|